| 000 | 00402nam a2200181Ia 4500 | ||
|---|---|---|---|
| 001 | 19366 | ||
| 005 | 20260306172647.0 | ||
| 008 | 260306t1999||||xx |||||||||||||| ||spa|| | ||
| 041 | _aESP | ||
| 082 |
_a658.84 _bS79 |
||
| 100 |
_aStern, Louis W. _eAUT |
||
| 245 | 0 | _aCanales de comercialización | |
| 260 | _c1999 | ||
| 300 |
_a _c |
||
| 650 | _aGEN | ||
| 654 | _aCAN | ||
| 942 |
_cLIB _dJUS _fJUS _2ddc _n |
||
| 999 |
_c19366 _d19366 |
||